MARC

LEADER 00000nam0a2200000 4500
001 115061
005 20231031122442.0
035 |a (RuTPU)RU\TPU\book\124440 
090 |a 115061 
100 |a 20070503d1961 m y0rusy50 ca 
101 0 |a rus 
102 |a RU 
105 |a a z 001zy 
200 1 |a Котельные установки малой мощности  |e промышленные, коммунальные и сельскохозяйственные  |f Г. С. Бобровский 
210 |a Москва  |c Машгиз  |d 1961 
215 |a 311 с.  |c ил. 
320 |a Литература: с. 307-308. 
610 1 |a котельные установки 
610 1 |a малые мощности 
610 1 |a пары водяные 
610 1 |a топливо 
610 1 |a сжигание 
610 1 |a топки 
610 1 |a паровые котлы 
610 1 |a водогрейные котлы 
610 1 |a пароперегреватели 
610 1 |a хвостовые поверхности 
610 1 |a арматура 
610 1 |a трубопроводы 
610 1 |a обмуровка 
610 1 |a каркасы 
610 1 |a гарнитуры 
610 1 |a питательные приборы 
610 1 |a тяговые устройства 
610 1 |a дутьевые устройства 
610 1 |a водоподготовка 
675 |a 621.18  |v 3 
700 1 |a Бобровский  |b Г. С.  |g Григорий Степанович 
801 1 |a RU  |b 63413507  |c 20070503  |g PSBO 
801 2 |a RU  |b 63413507  |c 20071127  |g PSBO 
942 |c BK